Ako je to s 20-miliónovou pokutou pri ochrane osobných údajov

Nová smernica Európskej komisie na ochranu osobných údajov. Prípad Španiela M. Gonzálesa, ktorý sa sťažoval španielskej agentúre na ochranu osobných údajov a žiadal zmazanie osobných údajov vo vyhľadávači Google Spain. Právo byť zabudnutý. Od budúceho roka jednotná ochrana osobných údajov vrámci EÚ....

Celý popis

Uložené v:
Podrobná bibliografia
Hlavný autor: Petková, Zuzana
Médium: Kapitola
Jazyk:Slovak
Predmet:
Tagy: Pridať tag
Žiadne tagy, Buďte prvý, kto otaguje tento záznam!

MARC

LEADER 00000naa a2200000 4500
001 0234357
005 20170712085152.2
041 0 |a slo 
044 |a SK 
245 1 0 |a Ako je to s 20-miliónovou pokutou pri ochrane osobných údajov  |c Zuzana Petková 
520 |a Nová smernica Európskej komisie na ochranu osobných údajov. Prípad Španiela M. Gonzálesa, ktorý sa sťažoval španielskej agentúre na ochranu osobných údajov a žiadal zmazanie osobných údajov vo vyhľadávači Google Spain. Právo byť zabudnutý. Od budúceho roka jednotná ochrana osobných údajov vrámci EÚ. Pokuta až 20 miliónov eur. 
610 2 0 |a ochrana údajov osobných 
610 2 0 |a smernice 
610 2 0 |a pokuty 
610 2 0 |a Európska únia 
100 1 |a Petková, Zuzana